| 000 | 01125nam a2200253Ia 4500 | ||
|---|---|---|---|
| 999 |
_c52892 _d52892 |
||
| 001 | 19922 | ||
| 003 | GE_BSU | ||
| 005 | 20200511214056.0 | ||
| 008 | 181216s1949||||ge |||||||||||||| ||geo|| | ||
| 040 | _cGE_BSU | ||
| 041 | _ageo | ||
| 080 | _a81'374(038) = 353.1'35 თ-77 | ||
| 100 |
_aთოფურია, ვ. _91040 |
||
| 245 |
_aორთოგრაფიული ლექსიკონი / _cვ. თოფურია, ი. გიგინეიშვილი ; რედ. ს. ყაუხჩიშვილი. |
||
| 250 | _aმე-3 გამოცემა | ||
| 264 |
_aთბილისი : _bსახელმწიფო გამომცემლობა, _c1949. |
||
| 300 |
_a279 გვ. ; _c23 სმ. |
||
| 490 | _aსასკოლო ლექსიკონთა სერია | ||
| 541 | _h1ლ.32თ. | ||
| 653 | _aორთოგრაფიული ლექსიკონი | ||
| 700 |
_aგიგინეიშვილი, ი. _eავტორი _98037 |
||
| 700 |
_aყაუხჩიშვილი, ს. _eრედაქტორი _98037 |
||
| 942 |
_cBK _2udc |
||